000 00191nam a2200085Ia 4500
008 180219s9999 xx 000 0 und d
100 _aNcert
245 0 _aUitter Pardesh Ma Shikasha
260 _aN.C.E.R.T
260 _c2010
999 _c41768
_d41768